La logique ou l'art de penser: contenant, outre les règles communes, plusieurs observations nouvelles, propres à former le jugement

Gardado en:
Detalles Bibliográficos
Autor Principal: Arnauld, Antoine (autor)
Outros autores: Nicole, Pierre (autor)
Formato: Libro
Publicado: París, France: Librairie Philosophique J. Vrin, 1993.
Series:Bibliothèque des Textes Philosophiques.
Subjects:
Tags: Engadir etiqueta
Sen Etiquetas, Sexa o primeiro en etiquetar este rexistro!

MARC

LEADER 00000nam a22000007a 4500
003 CL-VaPUC
005 20230411074554.0
008 220726t1993 ||||| |||| 00| 0 eng d
999 |c 437569  |d 437567 
040 |c Pontificia Universidad Católica de Valparaíso 
082 0 4 |a 160 ARN 1993  |2 21 
100 0 |a Arnauld, Antoine  |e autor  |9 346802 
245 1 3 |a La logique ou l'art de penser: contenant, outre les règles communes, plusieurs observations nouvelles, propres à former le jugement 
260 |a París, France:  |b Librairie Philosophique J. Vrin,   |c 1993. 
300 |a 429 páginas.  
490 |a Bibliothèque des Textes Philosophiques.  
500 |a c.1 Donación Familia Prof. Alejandro Guzmán Brito. 
583 |a last modification  |c 19951106 00:00:00  |k Cristina María Rojas Aguilar 
650 0 |a Lógica  |9 256849 
650 0 |a Racionalismo  |9 259116 
650 0 |a Razón   |9 314475 
700 0 |a Nicole, Pierre  |e autor  |9 348304 
942 |c BK  |2 ddc  |n 0 
952 |0 0  |1 0  |2 ddc  |4 0  |6 160_000000000000000_ARN_1993  |7 0  |8 C_AGB  |9 585348  |a BIBDER  |b BIBDER  |d 2022-07-26  |e Donación   |i 5653426  |o 160 ARN 1993  |p 5653426  |r 2023-01-25  |t 1  |w 2022-07-26  |y BK_US  |k AGB